Business Communication: Building Critical Skills (Record no. 5164)

MARC details
005 - DATE AND TIME OF LATEST TRANSACTION
control field 20250626050328.0
020 ## - INTERNATIONAL STANDARD BOOK NUMBER
International Standard Book Number 978-0-07-293210-2
082 ## - DEWEY DECIMAL CLASSIFICATION NUMBER
Classification number 651. 7 LOC
100 ## - MAIN ENTRY--PERSONAL NAME
Author name LOCKER, O. K
245 ## - TITLE STATEMENT
Title Business Communication: Building Critical Skills
250 ## - EDITION STATEMENT
Edition statement 3rd Ed.
260 ## - PUBLICATION, DISTRIBUTION, ETC.
Place of publication, distribution, etc. Boston
Name of publisher, distributor, etc. McGraw-Hill Irwin
Date of publication, distribution, etc. 2007
300 ## - PHYSICAL DESCRIPTION
Extent xxvi,559p.: ill. ; figures
Other physical details Index
Dimensions 27cm
700 ## - ADDED ENTRY--PERSONAL NAME
Other authors/Editors Stephen Kyo Kaczmarek
942 ## - ADDED ENTRY ELEMENTS (KOHA)
Source of classification or shelving scheme Dewey Decimal Classification
Koha item type Books
Holdings
Date last seen Total checkouts Full call number Barcode Cost, replacement price Price effective from Koha item type Lost status Source of classification or shelving scheme Damaged status Not for loan Withdrawn status Home library Current library Shelving location Date acquired Source of acquisition Cost, normal purchase price
06/26/2025   651.7 LOC MZA0002196 75000.00 06/27/2025 Books   Dewey Decimal Classification       CBE Mwanza CBE Mwanza General Collection 07/16/2007 Library Budget 25000.00
06/26/2025   651.7 LOC MZA0002197 75000.00 06/27/2025 Books   Dewey Decimal Classification       CBE Mwanza CBE Mwanza General Collection 07/16/2007 Library Budget 25000.00